Spoiwo bezcementowe pyłowo-wapienno-gipsowe jako substytut elementów marek 250 i 350 / (Rekord nr 7441)
| 000 -ETYKIETA REKORDU | |
|---|---|
| podpole kontrolne o stałej długości | 00953naa a22002057a 4500 |
| 003 - IDENTYFIKATOR NUMERU KONTROLNEGO REKORDU | |
| podpole kontrolne | BPK |
| 005 - DATA OSTATNIEJ MODYFIKACJI REKORDU | |
| podpole kontrolne | 20160303121356.0 |
| 008 - POLE O STAŁEJ DŁUGOŚCI - DANE KONTROLNE | |
| podpole kontrolne o stałej długości | 160303b1973 pl ||||| |||| 10| 0 pol |
| 040 ## - ŹRÓDŁO KATALOGOWANIA | |
| Instytucja, która utworzyła rekord | BPK |
| 080 ## - UNIWERSALNA KLASYFIKACJA DZIESIĘTNA - UKD | |
| UKD | 691 |
| 100 ## - NAZWA OSOBOWA | |
| Nazwa osobowa | MARCINKOWSKI, Stefan. |
| Lata pracy | 1969 - 1992. |
| Instytucja | Wyższa Szkoła Inżynierska w Koszalinie - Wydział Budownictwa Lądowego, |
| Wydział | Zespół Technologii Materiałów i Elementów Budowlanych |
| 245 ## - TYTUŁ/ODPOWIEDZIALNOŚĆ | |
| Tytuł | Spoiwo bezcementowe pyłowo-wapienno-gipsowe jako substytut elementów marek 250 i 350 / |
| Pozostałe elementy strefy tytułu i oznaczenia odpowiedzialności | Stefan Marcinkowski. |
| 260 ## - STREFA ADRESU WYDAWNICZEGO | |
| Data publikacji, dystrybucji/powstania dokumentu | 1973. |
| 500 ## - UWAGI OGÓLNE | |
| Tekst uwagi | Dane z kartoteki bpp. |
| 650 #0 - HASŁO PRZEDMIOTOWE W FORMIE NAZWY OGÓLNEJ LUB JEDNOSTKOWEJ | |
| Nazwa ogólna lub geograficzna | Materiały budowlane. |
| 655 #0 - TERMIN INDEKSOWY - OKREŚLENIE RODZAJU/FORMY DOKUMENTU | |
| Określnie rodzaju/formy dokumentu | Materiały konferencyjne. |
| 711 ## - HASŁO DODATKOWE - NAZWA IMPREZY | |
| Nazwa imprezy | Konferencja Naukowa Komitetu Inżynierii PAN i Komitetu Nauki PZTIB |
| Oznaczenie części/sekcji dzieła | (19 ; |
| Data imprezy | 1973 ; |
| Miejsce imprezy | Krynica, Polska). |
| 773 ## - TYTUŁ DOKUMENTU MACIERZYSTEGO | |
| Wyrażenie wprowadzające | W : |
| Tytuł | Materiały XIX Konferencji Naukowej Komitetu Inżynierii PAN i Komitetu Nauki PZTIB. T. 3. - |
| Adres wydawniczy | Krynica, 1973. - |
| Informacje dotyczące relacji | s. 93097 |
| 942 ## - HASŁO DODATKOWE - ELEMENTY(KOHA) | |
| Typ dokumentu | Artykuł |
| Schemat klasyfikacji | Uniwersalna klasyfikacja dziesiętna |
Brak dostępnych egzemplarzy.
